Statistics for Insane Demons by Letter - A

Click here to take the quiz!

General Stats

  • This quiz has been taken 5 times
  • The average score is 22 of 60

Answer Stats

HintAnswer% Correct
AcrAcropolis
100%
AlpAlphabet X
80%
AAAAAAAAAAAAAAAAAAAAAAA
60%
AffAffine
60%
AimAimbotter Force
60%
A nA new Cataclysm
60%
ApaApache
60%
AtmAtmosphere
60%
AtmAtmosphere
60%
AudAudio Excursion
60%
ABLABLAZE
40%
AcrAcropolaris
40%
AdvAdventure
40%
AeoAeonian
40%
AftAfter Catabath
40%
AgaAgares
40%
AinAinoseikatsu
40%
AlbAlbatross
40%
alialika
40%
AlmAlmanac
40%
AlpAlphaSonic
40%
AmuAmuletum
40%
AnAn Expression
40%
AnoAnother Challenge
40%
AntAntares
40%
AntAnthelion
40%
AntAntique Circles
40%
AnyAnya II
40%
ApoApocalypseAfterParty
40%
ApoApollo
40%
ApoApollo 13
40%
AquAquarius
40%
ArcArcane
40%
arcarcane ascent
40%
ArcArchdemon
40%
ArtArtificial Climb
40%
AsyAsymmetry
40%
AurAuroral Bloom
40%
AVAAVATAR
40%
AAQAAQUE
20%
AbaAbandoned Kingdom
20%
AbaAbandoned Machine
20%
AbbAbbadon
20%
AbsAbsolute Meltdown
20%
ABSABSTRACT SENSE
20%
AchAchlys
20%
AchAchondrite
20%
AcrAcrise
20%
AloAlone
20%
AmeAmethyst Aura
20%
AmpAmpere
20%
A nA newborn star
20%
AngAnger Storm
20%
AnnAnnihilation
20%
AnuAnubis Gate
20%
ArcArcadelocked
20%
ArcArcane16
20%
ArtArtificial Calamity
20%
AstAstronomical Alchemy
20%
AzuAzura
20%

Score Distribution

Percentile by Number Answered

Percent of People with Each Score

Your Score History

You have not taken this quiz